Reinsercin̤ y prisin̤

Bibliographic Details
Main Author: Mata y MartÍn, Ricardo M.
Other Authors: Montero Hernanz, Toms̀
Format: eBook
Language:Spanish
Published: Barcelona: J.M. Bosch Editor, 2021
Subjects:
Online Access:Acceso restringido

MARC

LEADER 00000nam a22000007a 4500
005 20220831220938.0
007 cr|||| ||||
008 220831s2021 es |||||s|||| 00||0 spa d
020 |a 978-84-19045-03-4 
035 |a 36317 
040 |a vLex 
090 |c 13858  |d 13858 
100 1 |a Mata y MartÍn, Ricardo M. 
245 1 0 |a Reinsercin̤ y prisin̤  |h [Recurso electrn̤ico] /  |c Ricardo M. Mata y Martn̕, Toms̀ Montero Hernanz 
256 |a Servicio en ln̕ea 
260 |a Barcelona:  |b J.M. Bosch Editor,  |c 2021 
300 |a 1 recurso electrn̤ico 
506 1 |a Disponible solo en los productos indicados  |d vLex Global  |d vLex Global (Academic Edition, excluding Law Schools)  |d vLex Global (U.S. Academic Edition, Law Schools)  |d vLex Global (U.S. Academic Edition, excluding Law Schools)  |d vLex Global (Academic Edition, Law Schools) 
650 0 4 |a Derecho Penal  |z Espaą 
700 1 |a Montero Hernanz, Toms̀ 
740 0 |a vLex Libros (Servicio en ln̕ea) 
856 4 0 |u https://app.vlex.com/#/sources/36317  |z Acceso restringido 
942 |c BOOK 
999 0 |a Criminal law